00295nam a2200109Ia 4500008004100000100001900041245007300060260001800133650001200151942000700163999001500170190216s9999||||xx |||||||||||||| ||und|| aMichael Lipton 0aWhy Poor People Stay Poor A Study Of Urban Bias In World Development bHeritage Pubs aEnglish cBK c9564d9564